Normal view
MARC view
- HEALTH.PHYSICAL FITNESS.EXERCIES
Entry Topical Term
001 - CONTROL NUMBER
- control field: 65750
003 - CONTROL NUMBER IDENTIFIER
- control field: NUST
005 - DATE AND TIME OF LATEST TRANSACTION
- control field: 20210628203502.0
008 - FIXED-LENGTH DATA ELEMENTS
- fixed length control field: 210628|| aca||aabn | a|a d
040 ## - CATALOGING SOURCE
- Original cataloging agency: NUST
- Transcribing agency: NUST
150 ## - HEADING--TOPICAL TERM
- Topical term or geographic name entry element: HEALTH.PHYSICAL FITNESS.EXERCIES
670 ## - SOURCE DATA FOUND
- Source citation: Work cat.: (NUST): Robbins Gwen, Robbins, G, Debbie Powers 65749, A fit and well way of life, 2006
